Most Obese EU Countries - Statistics

General Stats
  • This quiz has been taken 38 times
  • The average score is 1 of 5
Answer Stats
% Country % Correct
26,0 Malta
67%
20,1 United Kingdom
33%
21,3 Latvia
23%
21,2 Hungary
13%
20,4 Estonia
0%
No matching quizzes found
Score Distribution
Percent of People with Each Score
Percentile by Number Answered
Your Score History
You have not taken this quiz